00358 a2200145 4500003000400000005001700004008004100021020001900062040000900081082001500090100002600105245003800131260002900169300001400198OSt20220521122236.0220521b ||||| |||| 00| 0 eng d a 9788120707986 coclc a150bMAN/G1 aMangal, S. K.,d1940- aGeneral Psychology /cS K Mangal. aNoida:bSterling,c2017. a364 pages